|
|
|
|
| LEADER |
01064pmm a22003738a 4500 |
| 001 |
00034324 |
| 005 |
20171026081025.0 |
| 008 |
160707s2010 ||||||Engsd |
| 041 |
0 |
# |
|a Eng
|
| 082 |
1 |
4 |
|a 428
|b T421I
|
| 110 |
1 |
# |
|a LinguaForum
|
| 245 |
1 |
0 |
|a TOEFL IBT i-listening
|h nguồn liệu điện tử]
|
| 250 |
# |
# |
|a New edition
|
| 260 |
# |
# |
|a T.P. Hồ Chí Minh
|b Tổng hợp T.P. Hồ Chí Minh; Công ty TNHH Nhân Trí Việt
|c 2010
|
| 300 |
# |
# |
|a 1 CD
|c 43/4 inch.
|e sách
|
| 500 |
# |
# |
|a Copyright by LinguaForum, Inc, 2010
|
| 653 |
# |
# |
|a Bài kiểm tra
|
| 653 |
# |
# |
|a Đĩa CD
|
| 653 |
# |
# |
|a Tiếng Anh
|
| 653 |
# |
# |
|a TOEFL
|
| 653 |
# |
# |
|a Ngôn ngữ
|
| 653 |
# |
# |
|a Kỹ năng nghe
|
| 852 |
# |
# |
|j DPT.0003544
|j DPT.0003610
|
| 852 |
# |
# |
|b Kho đa phương tiện
|j DPT.0003544, DPT.0003610
|
| 910 |
0 |
# |
|d 07/07/2016
|
| 980 |
# |
# |
|a Trung tâm Học liệu Lê Vũ Hùng, Trường Đại học Đồng Tháp
|